000 00335nam a22001457a 4500
003 OSt
005 20160225162018.0
008 160225b xxu||||| |||| 00| 0 eng d
020 _a0131002472
040 _cN/A
100 _aCarole Anne May
245 _aSpotlight on paragraph and essay skills
260 _c2004
942 _2lcc
_cBK
999 _c252636
_d252635